| 000 | 01999nam a2200433 i 4500 | ||
|---|---|---|---|
| 001 | 193493 | ||
| 003 | SpMaBN | ||
| 005 | 20250709183428.0 | ||
| 007 | ta | ||
| 008 | 240102s2019 sp | |||| 000 0 spa | ||
| 015 | _aMON19 | ||
| 017 |
_aSA 122-2019 _bOficina Depósito Legal Cantabria |
||
| 020 | _a9788494972027 | ||
| 035 | _aa6618429 | ||
| 040 |
_aSpMaBN _bspa _cSpMaBN _erda _dES-MaACL |
||
| 080 | _a821.134.3 Pessoa, Fernando 1.07 | ||
| 080 | _a821.134.3 Pessoa, Fernando 7 Livro do desassossego.07 | ||
| 100 | 0 |
_aMorales Barba, Rafael, _d1958- _983016 _eaut |
|
| 245 | 1 | 0 |
_aFernando Pessoa : _bel misántropo desdeñoso o El libro del desasosiego / _cRafael Morales Barba |
| 250 | _aPrimera edición: febrero de 2019 | ||
| 264 | 1 |
_aBoo de Piélagos, Cantabria : _bLibros del Aire, _c[2019] |
|
| 300 |
_a380 páginas ; _c22 cm |
||
| 336 |
_aTexto _2rdacontent |
||
| 337 |
_asin mediación _2rdamedia |
||
| 338 |
_avolumen _2rdacarrier |
||
| 490 | 1 |
_aEnsayo ; _v7 |
|
| 504 | _aBibliografía: páginas 365-380 | ||
| 520 | _aEn su ambigüedad o provocación, juego vanguardista o modernista, de defensa de los excluidos, la compleja personalidad de Pessoa, contradictorio en ocasiones y a la vez valiente y decidido, tiene muchas caras talladas. | ||
| 600 | 0 |
_aPessoa, Fernando, _d1888-1935 _xCrítica e interpretación _9234797 |
|
| 600 | 0 |
_aPessoa, Fernando, _d1888-1935. _tLivro do desassossego _9234798 |
|
| 830 |
_aEnsayo (Libros del Aire) ; _v7 _9234799 |
||
| 852 |
_aES-MaACL _bR.154824 _cDEPOJ _9200972 _jN-9679 _hDonación: Rafael Morales Barba _gDedicatoria autógrafa del autor _xEncuadernación rústica con solapas |
||
| 903 |
_983016 _aMorales Barba, Rafael, _d1958- _ednr |
||
| 942 |
_n0 _cMONOGRAFIA |
||
| 999 |
_c193493 _d193493 |
||